Sports Quiz

Random Sports or Football Quiz

The Guardian's 100 Best Football Players 2016 Quiz Stats

Quiz not verified by Sporcle

Challenge
Share
Tweet
Embed
Score 0/100 Timer 20:00
0 Plays Today
Hint Answer % Correct
Real MadridCristiano Ronaldo
100%
BarcelonaLionel Messi
100%
BarcelonaLuis Suarez
100%
Real MadridGareth Bale
98.7%
ArsenalAlexis Sanchez
98.7%
Manchester CitySergio Aguero
98.7%
Leicester CityJamie Vardy
98.7%
BarcelonaNeymar
97.5%
ChelseaDiego Costa
96.2%
Atletico MadridAntoine Griezmann
94.9%
Bayern MunichRobert Lewandowski
94.9%
Manchester UnitedZlatan Ibrahimovic
94.9%
Tottenham HotspurHarry Kane
94.9%
Manchester CityDavid Silva
94.9%
Paris Saint GermainThiago Silva
94.9%
Bayern MunichDouglas Costa
94.9%
Sporting LisbonAdrien Silva
94.9%
Leicester CityRiyad Mahrez
93.7%
Manchester UnitedPaul Pogba
93.7%
ArsenalMesut Ozil
93.7%
ChelseaEden Hazard
93.7%
Manchester UnitedDavid De Gea
92.4%
Real MadridLuka Modric
91.1%
JuventusGonzalo Higuain
91.1%
BarcelonaAndres Iniesta
91.1%
West Ham UnitedDmitri Payet
91.1%
Borussia DortmundPierre-Emerick Aubameyang
89.9%
Manchester CityKevin De Bruyne
89.9%
Real MadridSergio Ramos
89.9%
Tottenham HotspurHugo Lloris
89.9%
ChelseaN'Golo Kante
88.6%
Bayern MunichManuel Neuer
88.6%
JuventusGianluigi Buffon
88.6%
LiverpoolPhilippe Coutinho
88.6%
Hint Answer % Correct
Bayern MunichPhillip Lahm
88.6%
Real MadridPepe
87.3%
Atletico MadridDiego Godin
86.1%
Bayern MunichThomas Muller
84.8%
Real MadridKarim Benzema
84.8%
Bayern MunichArjen Robben
84.8%
Real MadridToni Kroos
83.5%
Bayern MunichJerome Boateng
83.5%
BarcelonaIvan Rakitic
82.3%
BarcelonaGerard Pique
82.3%
BarcelonaSergio Busquets
82.3%
Paris Saint GermainEdinson Cavani
82.3%
ChelseaThibaut Courtois
81%
Atletico MadridKoke
79.7%
Real MadridKeylor Navas
79.7%
JuventusGiorgio Chiellini
79.7%
Bayern MunichMats Hummels
78.5%
Bayern MunichDavid Alaba
78.5%
Real MadridJames Rodriguez
78.5%
Paris Saint GermainAngel Di Maria
77.2%
Tottenham HotspurDele Alli
77.2%
JuventusLeonardo Bonucci
74.7%
Bayern MunichArturo Vidal
74.7%
Real MadridMarcelo
72.2%
Manchester CityRaheem Sterling
72.2%
ArsenalLaurent Koscielny
70.9%
LiverpoolRoberto Firmino
68.4%
JuventusDani Alves
68.4%
Borussia DortmundOusmane Dembele
68.4%
Manchester CityClaudio Bravo
67.1%
Manchester UnitedJuan Mata
67.1%
LyonAlexandre Lacazette
67.1%
JuventusPaulo Dybala
65.8%
Atletico MadridJan Oblak
65.8%
Hint Answer % Correct
Paris Saint GermainMarco Verratti
65.8%
Tottenham HotspurToby Alderweireld
64.6%
JuventusMiralem Pjanic
64.6%
Bayern MunichThiago Alcantara
64.6%
Paris Saint GermainBlaise Matuidi
63.3%
LiverpoolSadio Mane
62%
ArsenalAaron Ramsey
62%
NapoliMarek Hamsik
62%
Leicester CityKasper Schmeichel
60.8%
Real MadridCasemiro
59.5%
BarcelonaJavier Mascherano
58.2%
Real MadridAlvaro Morata
57%
InternazionaleMauro Icardi
55.7%
Manchester UnitedHenrikh Mkhitaryan
54.4%
Bayern MunichJoshua Kimmich
53.2%
RomaFrancesco Totti
53.2%
Manchester CityIlkay Gundogan
51.9%
PalmeirasGabriel Jesus
50.6%
RomaMohamed Salah
50.6%
Manchester CityFernandinho
50.6%
ArsenalSanti Cazorla
49.4%
Atletico MadridYannick Carrasco
45.6%
Bayern MunichRenato Sanches
43%
Atletico MadridKevin Gameiro
41.8%
Borussia DortmundJulian Weigl
36.7%
Sporting LisbonRui Patricio
35.4%
AC MilanGianluigi Donnarumma
34.2%
ValenciaNani
32.9%
Borussia DortmundRaphael Guerreiro
22.8%
Atletico NacionalMiguel Borja
13.9%
InternazionaleEver Banega
13.9%
Atletico MadridAritz Arduriz
10.1%

You're not logged in!

Compare scores with friends on all Sporcle quizzes.
Sign Up with Email
OR
Log In

You Might Also Like...

Show Comments

Extras

Top Quizzes Today


Score Distribution

Your Account Isn't Verified!

In order to create a playlist on Sporcle, you need to verify the email address you used during registration. Go to your Sporcle Settings to finish the process.